000 00500nam a2200169Ia 4500
008 131103s9999 xx 000 0 und d
020 _a895771683
040 _aLoreto College
041 _aEnglish
082 _a423/REA
_bLCLIB/28568
245 _aReader's Digest success with words
_b a guide to the American Language
260 _aNew York
_bThe reader's Digest Associations
_c1983
300 _axi,692 p.
_c 24 cm.
650 _aCommunicative English - Words
850 _aLCLIB
942 _cBK
999 _c6928
_d57407